000 00539nam a2200181 i 4500
001 150131
003 ES-MaACL
005 20250624062532.0
007 t|
008 071026s1933 sp ||||1| spa d
080 _a821.134.2-31"19"
100 1 _aValle-Inclán, Ramón del,
_d1866-1936
_9112796
245 1 0 _aSonata de invierno
_b: memorias del Marqués de Bradomín /
_cRamón del Valle-Inclán.
260 _aMadrid :
_bRivadeneyra,
_c1933.
300 _a253 p. ;
_c19 cm.
852 _aES-MaACL
_jB-3715
999 _c150131
_d150131